[Event "FIN-chT 1920"]
[Site "Finland"]
[Date "2019.11.24"]
[Round "6.7"]
[White "Lammi, Jyri"]
[Black "Paakkonen, Timo"]
[Result "0-1"]
[WhiteElo "2079"]
[BlackElo "2198"]
[PlyCount "90"]
[EventDate "2019.09.14"]
[EventType "team-tourn"]
[EventRounds "11"]
[EventCountry "FIN"]
[SourceTitle "CBM 194 Extra"]
[Source "ChessBase"]
[SourceDate "2020.03.31"]
[SourceVersion "1"]
[SourceVersionDate "2020.03.31"]
[SourceQuality "1"]
[WhiteTeam "Helsinki Aatos"]
[BlackTeam "Helsinki Ninja"]
[WhiteTeamCountry "FIN"]
[BlackTeamCountry "FIN"]

1. e4 c5 2. b3 Nc6 3. Bb2 d6 4. Nf3 Nf6 5. Bd3 e5 6. 0-0 g6 7. Re1 Bg7 8. Bb5 0-0 9. Bxc6 bxc6 10. Na3 Nh5 11. c3 f5 12. d3 Nf4 13. Nc4 g5 14. Qc2 g4 15. Nfd2 fxe4 16. dxe4 d5 17. Ne3 d4 18. cxd4 cxd4 19. Nef1 Qf6 20. Nc4 h5 21. Ba3 Rd8 22. Qd2 Bh6 23. Qa5 Ng6 24. Rad1 h4 25. Nfe3 Bf8 26. Nf1 Be6 27. Bc1 Rab8 28. Qd2 Nf4 29. Nxe5 Bh6 30. Nxc6 Nh3+ 31. gxh3 Bxd2 32. Rxd2 gxh3 33. f4 Qg7+ 34. Kh1 Bg4 35. Ne5 Kh7 36. Rf2 Rg8 37. Nd2 Qf6 38. Ndc4 Rb7 39. Bb2 Be6 40. Rd1 Rg2 41. Rdf1 Rxf2 42. Rxf2 Rg7 43. Bxd4 Rg2 44. Rf1 Bxc4 45. bxc4 Qg7 0-1

[Event "FIN-chT 1920"]
[Site "Finland"]
[Date "2019.10.19"]
[Round "3.7"]
[White "Lammi, Jyri"]
[Black "Keso, Elias"]
[Result "1-0"]
[WhiteElo "2079"]
[BlackElo "2223"]
[PlyCount "93"]
[EventDate "2019.09.14"]
[EventType "team-tourn"]
[EventRounds "11"]
[EventCountry "FIN"]
[SourceTitle "CBM 192 Extra"]
[Source "Chessbase"]
[SourceDate "2019.11.06"]
[SourceVersion "1"]
[SourceVersionDate "2019.11.06"]
[SourceQuality "1"]
[WhiteTeam "Helsinki Aatos"]
[BlackTeam "Tampere Tammer"]
[WhiteTeamCountry "FIN"]
[BlackTeamCountry "FIN"]

1. Nf3 Nf6 2. g3 g6 3. Bg2 Bg7 4. 0-0 0-0 5. d4 d6 6. c4 Nc6 7. Nc3 a6 8. d5 Na5 9. Qd3 c5 10. e4 Rb8 11. a4 Qb6 12. Rb1 Bd7 13. b4 cxb4 14. Be3 Qc7 15. Rxb4 b5 16. axb5 Ng4 17. b6 Qd8 18. Bd4 Nb7 19. Bxg7 Kxg7 20. Qd4+ f6 21. Ra1 Nc5 22. Rab1 a5 23. R4b2 a4 24. Nd2 Ne5 25. Bf1 Nb3 26. Rxb3 axb3 27. f4 Nf7 28. Rxb3 Qc8 29. Nf3 Nd8 30. Qe3 Nb7 31. e5 Qc5 32. Nd4 f5 33. exd6 exd6 34. Na4 Qc8 35. Ne6+ Bxe6 36. dxe6 Re8 37. Qd4+ Kh6 38. g4 fxg4 39. f5 Qd8 40. Qxg4 Kg7 41. Rf3 Rf8 42. Nc3 Qxb6+ 43. Kh1 Qb2 44. Qd4+ Kg8 45. f6 h5 46. f7+ Kh7 47. e7 1-0

[Event "FIN-chT 1920"]
[Site "Finland"]
[Date "2019.09.15"]
[Round "2.7"]
[White "Torkkola, Henri"]
[Black "Lammi, Jyri"]
[Result "1/2-1/2"]
[WhiteElo "2182"]
[BlackElo "2079"]
[PlyCount "120"]
[EventDate "2019.09.14"]
[EventType "team-tourn"]
[EventRounds "11"]
[EventCountry "FIN"]
[SourceTitle "EXT 2020"]
[Source "ChessBase"]
[SourceDate "2019.10.17"]
[SourceVersion "1"]
[SourceVersionDate "2019.10.17"]
[SourceQuality "1"]
[WhiteTeam "Sastamala VammSK"]
[BlackTeam "Helsinki Aatos"]
[WhiteTeamCountry "FIN"]
[BlackTeamCountry "FIN"]

1. e4 e5 2. Nf3 d6 3. d4 Nd7 4. Bc4 c6 5. a4 Be7 6. 0-0 Ngf6 7. Nc3 0-0 8. Re1 Qc7 9. Ba2 h6 10. h3 a5 11. Nh4 Re8 12. Nf5 Bf8 13. Be3 exd4 14. Bxd4 Ne5 15. Qd2 Bxf5 16. exf5 d5 17. Re3 Ned7 18. Rae1 Rxe3 19. Bxe3 Re8 20. Ne2 Ne4 21. Qc1 Ndc5 22. Nf4 Qd7 23. g4 Nf6 24. Bd4 Nce4 25. c4 dxc4 26. Bxf6 Nxf6 27. Bxc4 Rxe1+ 28. Qxe1 Bb4 29. Qe2 Qe7 30. Qxe7 Bxe7 31. f3 Nd7 32. Nd3 Nb6 33. Bb3 Bf6 34. Kf1 Bd4 35. f4 Kf8 36. Ke2 f6 37. Bc2 Nd5 38. b3 Ke7 39. Kf3 Nc3 40. Nc1 Kd6 41. Ne2 Kc5 42. Ng3 Kb4 43. Nh5 Nd5 44. Nxg7 Kc3 45. Bd1 b5 46. axb5 cxb5 47. Ne6 Ne3 48. Ke4 Nxd1 49. Nxd4 Nf2+ 50. Kd5 Nxh3 51. Nxb5+ Kxb3 52. Ke6 Nxf4+ 53. Kxf6 a4 54. Ke5 Nh3 55. f6 Ng5 56. Kf5 Kb4 57. Nd4 Kc3 58. Nb5+ Kb4 59. Nd4 Kc4 60. Nc2 Kc3 1/2-1/2

[Event "FIN-chT 1819"]
[Site "Finland"]
[Date "2019.04.07"]
[Round "11.5"]
[White "Lammi, Jyri"]
[Black "Maki Uuro, Miika"]
[Result "1/2-1/2"]
[WhiteElo "2099"]
[BlackElo "2347"]
[PlyCount "72"]
[EventDate "2018.09.15"]
[EventType "team-tourn"]
[EventRounds "11"]
[EventCountry "FIN"]
[SourceTitle "CBM 189 Extra"]
[Source "ChessBase"]
[SourceDate "2019.06.03"]
[SourceVersion "1"]
[SourceVersionDate "2019.06.03"]
[SourceQuality "1"]
[WhiteTeam "Helsinki Aatos"]
[BlackTeam "Helsinki Comeon"]
[WhiteTeamCountry "FIN"]
[BlackTeamCountry "FIN"]

1. f4 d5 2. Nf3 g6 3. e3 Bg7 4. d4 Nf6 5. Bd3 0-0 6. 0-0 b6 7. Nbd2 Ba6 8. Bxa6 Nxa6 9. Qe2 Qc8 10. e4 dxe4 11. Nxe4 Nxe4 12. Qxe4 Qf5 13. Qxf5 gxf5 14. Rd1 c5 15. Be3 Nb4 16. Rd2 Nd5 17. Kf2 c4 18. Ne5 Rfc8 19. c3 f6 20. Nf3 b5 21. a3 a5 22. Re2 Kf7 23. Bd2 h5 24. Ne1 e6 25. Nc2 Bf8 26. Kf3 Bd6 27. g3 Rg8 28. Ne3 a4 29. Nxd5 exd5 30. h4 Rae8 31. Rae1 Re4 32. Bc1 Rge8 33. Bd2 Rxe2 34. Rxe2 Re4 35. Kf2 Kg6 36. Kf3 Rxe2 1/2-1/2

[Event "FIN-chT 1819"]
[Site "Finland"]
[Date "2018.12.08"]
[Round "5.7"]
[White "Varpanen, Jan"]
[Black "Lammi, Jyri"]
[Result "1/2-1/2"]
[WhiteElo "2117"]
[BlackElo "2099"]
[PlyCount "61"]
[EventDate "2018.09.15"]
[EventType "team-tourn"]
[EventRounds "11"]
[EventCountry "FIN"]
[SourceTitle "CBM 189 Extra"]
[Source "ChessBase"]
[SourceDate "2019.06.03"]
[SourceVersion "1"]
[SourceVersionDate "2019.06.03"]
[SourceQuality "1"]
[WhiteTeam "Sastamala VammSK"]
[BlackTeam "Helsinki Aatos"]
[WhiteTeamCountry "FIN"]
[BlackTeamCountry "FIN"]

1. d4 d5 2. Nf3 e6 3. g3 Nf6 4. Bg2 Be7 5. 0-0 c6 6. c4 0-0 7. Nbd2 b6 8. Qc2 Bb7 9. e4 dxc4 10. e5 Nd5 11. Nxc4 Nd7 12. h4 h6 13. Qe4 Re8 14. Qg4 Kh7 15. Qh5 Rf8 16. Ng5+ Kg8 17. Be4 N7f6 18. exf6 Nxf6 19. Nxf7 Rxf7 20. Qe5 Nxe4 21. Qxe4 Qd5 22. Qxd5 exd5 23. Ne5 Rf6 24. Be3 Rc8 25. Rfc1 c5 26. b3 Re6 27. Rc2 Bf6 28. f4 Bxe5 29. fxe5 c4 30. b4 Bc6 31. a4 1/2-1/2

[Event "Tampere We TammerSh A"]
[Site "Tampere"]
[Date "2017.03.26"]
[Round "4"]
[White "Jarvenpaa, Jari"]
[Black "Lammi, Jyri"]
[Result "1-0"]
[WhiteElo "2274"]
[BlackElo "2083"]
[PlyCount "39"]
[EventDate "2017.03.25"]
[EventType "swiss"]
[EventRounds "4"]
[EventCountry "FIN"]
[SourceTitle "EXT 2022"]
[Source "ChessBase"]
[SourceDate "2021.10.06"]
[SourceVersion "1"]
[SourceVersionDate "2021.10.06"]
[SourceQuality "1"]

1. e4 e5 2. Nf3 d6 3. d4 Nd7 4. Bc4 c6 5. dxe5 dxe5 6. Ng5 Nh6 7. 0-0 Qe7 8. Nf3 Ng4 9. h3 Ngf6 10. Ng5 Qc5 11. Bxf7+ Ke7 12. Bb3 h6 13. Be3 Qa5 14. Nf7 Rh7 15. Qd6+ Ke8 16. Qe6+ Be7 17. Nd6+ Kd8 18. Nc4 Qc7 19. Rd1 Rh8 20. Nxe5 1-0

[Event "FIN-chT 1516"]
[Site "Finland"]
[Date "2016.03.13"]
[Round "11.6"]
[White "Koskinen, Henri"]
[Black "Lammi, Jyri"]
[Result "1-0"]
[WhiteElo "2237"]
[BlackElo "2124"]
[PlyCount "55"]
[EventDate "2015.09.12"]
[EventType "team-tourn"]
[EventRounds "11"]
[EventCountry "FIN"]
[SourceTitle "EXT 2017"]
[Source "ChessBase"]
[SourceDate "2016.10.25"]
[SourceVersion "1"]
[SourceVersionDate "2016.10.25"]
[SourceQuality "1"]
[WhiteTeam "Vantaa EtVaS"]
[BlackTeam "Helsinki Aatos"]
[WhiteTeamCountry "FIN"]
[BlackTeamCountry "FIN"]

1. d4 c5 2. d5 e6 3. e4 exd5 4. exd5 Bd6 5. Nc3 Nf6 6. Nb5 Qe7+ 7. Qe2 Kd8 8. Qxe7+ Kxe7 9. Nxd6 Kxd6 10. Bf4+ Ke7 11. 0-0-0 d6 12. Re1+ Kd7 13. Bb5+ Kc7 14. Re7+ Kb6 15. c4 Nxd5 16. cxd5 Kxb5 17. Ne2 Na6 18. Nc3+ Kb6 19. Bxd6 Rd8 20. Bg3 Rd7 21. Rhe1 Nb4 22. Kd2 c4 23. Rxd7 Bxd7 24. Re7 Be8 25. a3 Na6 26. f3 Rd8 27. Kc1 Nb8 28. Bc7+ 1-0

[Event "FIN-chT 1314"]
[Site "Finland"]
[Date "2013.10.12"]
[Round "3.7"]
[White "Lammi, Jyri"]
[Black "Kilpi, Teemu"]
[Result "1/2-1/2"]
[WhiteElo "2103"]
[BlackElo "2123"]
[PlyCount "100"]
[EventDate "2013.09.21"]
[EventType "team-tourn"]
[EventRounds "11"]
[EventCountry "FIN"]
[SourceTitle "EXT 2014"]
[Source "ChessBase"]
[SourceDate "2013.11.20"]
[SourceVersion "1"]
[SourceVersionDate "2013.11.20"]
[SourceQuality "1"]
[WhiteTeam "Helsinki Aatos"]
[BlackTeam "Oulu OSS"]
[WhiteTeamCountry "FIN"]
[BlackTeamCountry "FIN"]

1. d4 d5 2. Nf3 e6 3. e3 Nf6 4. Bd3 c5 5. c3 Nc6 6. 0-0 Be7 7. Nbd2 0-0 8. Qe2 a6 9. dxc5 Bxc5 10. e4 dxe4 11. Nxe4 Be7 12. Rd1 Qc7 13. Nxf6+ Bxf6 14. Bg5 Ne5 15. Bxf6 gxf6 16. Nxe5 Qxe5 17. Qf3 f5 18. Bc2 Rb8 19. Rd4 Kh8 20. Qg3 Qxg3 21. hxg3 Kg7 22. Rad1 b5 23. g4 e5 24. Rd8 fxg4 25. Rxf8 Kxf8 26. Rd8+ Ke7 27. Rg8 Kd6 28. Bxh7 Kc7 29. Bc2 Be6 30. Rxb8 Kxb8 31. a4 bxa4 32. Bxa4 Kc7 33. Kh2 Kd6 34. Kg3 Bd5 35. Bc2 Ke6 36. Kxg4 Bxg2 37. b4 Bb7 38. Bb3+ Ke7 39. Kf5 f6 40. Bc4 Bc8+ 41. Ke4 Kd6 42. Ke3 f5 43. f4 exf4+ 44. Kxf4 Kc6 45. Ke5 Kb6 46. Bd5 a5 47. bxa5+ Kxa5 48. c4 Ba6 49. c5 Bb5 50. Kxf5 Kb4 1/2-1/2

[Event "Helsinki We HSK 5th Group A"]
[Site "Helsinki"]
[Date "2013.??.??"]
[Round "1"]
[White "Lammi, Jyri"]
[Black "Demidov, Jan"]
[Result "1-0"]
[WhiteElo "2145"]
[BlackElo "1891"]
[PlyCount "77"]
[EventDate "2013.??.??"]
[EventType "swiss"]
[EventRounds "5"]
[EventCountry "FIN"]
[SourceTitle "EXT 2022"]
[Source "ChessBase"]
[SourceDate "2021.10.06"]
[SourceVersion "1"]
[SourceVersionDate "2021.10.06"]
[SourceQuality "1"]

1. f4 d5 2. Nf3 c5 3. b3 Nc6 4. e3 Nf6 5. Bb5 Bg4 6. h3 Bxf3 7. Bxc6+ bxc6 8. Qxf3 e6 9. 0-0 Bd6 10. Bb2 Qe7 11. d3 0-0 12. Nd2 e5 13. f5 Nd7 14. e4 d4 15. a4 Rab8 16. Rae1 f6 17. Bc1 Bc7 18. Nc4 Nb6 19. Nd2 Nd7 20. Re2 Rf7 21. Qh5 Qe8 22. g4 Nf8 23. g5 fxg5 24. Nf3 h6 25. Rg2 Rf6 26. Qg4 Nh7 27. Qg3 Qe7 28. h4 gxh4 29. Nxh4 Nf8 30. Qh3 Re8 31. Rf3 Qd6 32. Rfg3 Re7 33. Nf3 Rd7 34. Nh2 Kh7 35. Ng4 Rff7 36. f6 Rxf6 37. Nxf6+ Qxf6 38. Rf2 Qe7 39. Rxf8 1-0

[Event "FIN-chT 1213"]
[Site "Finland"]
[Date "2012.09.30"]
[Round "2.7"]
[White "Toikkanen, Vesa"]
[Black "Lammi, Jyri"]
[Result "0-1"]
[WhiteElo "2089"]
[BlackElo "2144"]
[PlyCount "72"]
[EventDate "2012.09.28"]
[EventType "team-tourn"]
[EventRounds "11"]
[EventCountry "FIN"]
[SourceTitle "CBM 150 Extra"]
[Source "ChessBase"]
[SourceDate "2012.10.19"]
[SourceVersion "1"]
[SourceVersionDate "2012.10.19"]
[SourceQuality "1"]
[WhiteTeam "Espoo MatSK II"]
[BlackTeam "Helsinki Aatos"]
[WhiteTeamCountry "FIN"]
[BlackTeamCountry "FIN"]

1. d4 d5 2. c4 c6 3. Nf3 Bf5 4. Nc3 e6 5. Qb3 Qc7 6. cxd5 exd5 7. Bf4 Qb6 8. Qxb6 axb6 9. Nh4 Be6 10. e3 Be7 11. Nf3 Nf6 12. Bd3 Na6 13. Rc1 Nh5 14. Be5 f6 15. Bg3 Kf7 16. a3 b5 17. Ke2 g6 18. Nd2 Rhe8 19. f3 Nxg3+ 20. hxg3 Kg7 21. g4 b4 22. axb4 Nxb4 23. Bb1 Bd6 24. Kf2 b6 25. Nb3 Re7 26. Rh4 Rae8 27. Rch1 Bg8 28. Nd1 c5 29. g3 Nc6 30. f4 cxd4 31. Nxd4 Nxd4 32. exd4 Re2+ 33. Kf3 Rd2 34. R4h2 Rxd4 35. Nc3 Bc5 36. Bc2 Rb4 0-1

[Event "Helsinki HSL Easter 4th Group M"]
[Site "Helsinki"]
[Date "2012.04.06"]
[Round "2"]
[White "Hynninen, Juha"]
[Black "Lammi, Jyri"]
[Result "1-0"]
[WhiteElo "2178"]
[BlackElo "2165"]
[PlyCount "89"]
[EventDate "2012.04.05"]
[EventType "tourn"]
[EventRounds "7"]
[EventCountry "FIN"]
[SourceTitle "EXT 2022"]
[Source "ChessBase"]
[SourceDate "2021.10.06"]
[SourceVersion "1"]
[SourceVersionDate "2021.10.06"]
[SourceQuality "1"]

1. c4 e5 2. Nc3 Nc6 3. g3 d6 4. Bg2 f5 5. d3 Nf6 6. Nf3 Be7 7. 0-0 0-0 8. Rb1 Qe8 9. e3 Qh5 10. Nd2 Qxd1 11. Rxd1 a5 12. b3 Bd7 13. a3 Rfe8 14. Bb2 Kf8 15. Rbc1 Nd8 16. Nd5 Nxd5 17. cxd5 c5 18. Nc4 Ra6 19. a4 Nf7 20. Bc3 Rea8 21. Ra1 b5 22. axb5 Bxb5 23. Na3 Bd7 24. Bf1 Rb6 25. Rdb1 Rab8 26. Nc4 Rxb3 27. Rxb3 Rxb3 28. Bxa5 Rb7 29. Bc3 Rb3 30. Ra8+ Be8 31. Ba5 Rb7 32. h4 g6 33. e4 Bf6 34. Bh3 fxe4 35. dxe4 Ke7 36. Nb6 h5 37. Bc8 Rc7 38. Be6 g5 39. Nc8+ Rxc8 40. Bxc8 gxh4 41. Be6 Bg5 42. gxh4 Bxh4 43. Ra7+ Kf8 44. Bc7 Be7 45. Ra8 1-0

[Event "Helsinki HSL Easter 4th Group M"]
[Site "Helsinki"]
[Date "2012.04.06"]
[Round "3"]
[White "Lammi, Jyri"]
[Black "Valli, Frans"]
[Result "1/2-1/2"]
[WhiteElo "2165"]
[BlackElo "2257"]
[PlyCount "120"]
[EventDate "2012.04.05"]
[EventType "tourn"]
[EventRounds "7"]
[EventCountry "FIN"]
[SourceTitle "EXT 2022"]
[Source "ChessBase"]
[SourceDate "2021.10.06"]
[SourceVersion "1"]
[SourceVersionDate "2021.10.06"]
[SourceQuality "1"]

1. d4 d5 2. c4 c6 3. cxd5 cxd5 4. Nc3 Nf6 5. Nf3 Nc6 6. e3 Bf5 7. Qb3 Rb8 8. Ne5 e6 9. Bb5 Nd7 10. Nxd7 Qxd7 11. Bd2 Bd6 12. Rc1 0-0 13. Ne2 Rfc8 14. 0-0 a6 15. Bd3 Bxd3 16. Qxd3 Qd8 17. Rc2 Na5 18. Bxa5 Qxa5 19. a3 Rxc2 20. Qxc2 Qc7 21. Qxc7 Bxc7 22. Rc1 Bd6 23. Kf1 Kf8 24. Ke1 Ke7 25. Kd2 Kd7 26. h3 h5 27. Nf4 h4 28. Nd3 f6 29. Nc5+ Ke7 30. Kd3 a5 31. Kd2 b6 32. Nd3 Kd7 33. Rc2 g5 34. f3 Rg8 35. Ke2 f5 36. Nf2 a4 37. Rc1 Bg3 38. Rc2 Bc7 39. Rc1 Bd6 40. Rc2 Bg3 41. Rc1 Bxf2 42. Kxf2 Ra8 43. Ke2 Ra5 44. Kd3 Rb5 45. b4 axb3 46. Kc3 f4 47. e4 dxe4 48. fxe4 g4 49. hxg4 Rg5 50. Kxb3 Rxg4 51. Rc2 Rg3+ 52. Kc4 Rxa3 53. Rf2 Ra4+ 54. Kd3 Ra3+ 55. Kc4 e5 56. dxe5 Ke6 57. Rxf4 Kxe5 58. Rxh4 Rg3 59. Rh6 Rxg2 60. Rxb6 Kxe4 1/2-1/2